| 000 | 00591nam a2200229Ia 4500 | ||
|---|---|---|---|
| 003 | OSt | ||
| 005 | 20230330143053.0 | ||
| 008 | 210423s2000 xx 000 0 und d | ||
| 020 | _a335200761 | ||
| 040 | _cAL | ||
| 041 | _aeng | ||
| 082 | _a306.484 BRAG | ||
| 100 |
_aBRANSTON (Gill) _980196 |
||
| 245 | _aCinema and cultural modernity | ||
| 260 |
_aBuckingham _bOpen University Press _c2000 |
||
| 300 |
_aviii,207 _bPB |
||
| 365 |
_b1500 _cINR |
||
| 650 |
_aPolitical Sociology _980197 |
||
| 650 |
_aSociology _980198 |
||
| 906 | _aCinema ; cultural ; modernity | ||
| 942 |
_2ddc _cBK |
||
| 999 |
_c157585 _d157585 |
||